000
00258nam a22001097a 4500
003
SGT
022
_a
2394-272X
245
_a
THE INDIAN JOURNAL OF COMMUNITY HEALTH MANAGEMENT
260
_a
INDIA
_b
INNOVATIVE PUB.
_c
2016
310
_a
QUARTERLY
942
_2
ddc
_c
LJ
999
_c
8811
_d
8811